| 000 | 00669nam a2200277Ia 4500 | ||
|---|---|---|---|
| 003 | OSt | ||
| 005 | 20250919102147.0 | ||
| 008 | 210210b2013 xxu||||| |||| 00| 0 eng d | ||
| 020 | _a9788177541243 | ||
| 040 | _cAL | ||
| 041 | _aeng | ||
| 082 | _a635 PRAG | ||
| 100 |
_aPrasad S _9239604 |
||
| 245 | _aGreenhouse management for horticulture crops Ed 2 | ||
| 250 | _a2 | ||
| 260 |
_aJodhpur _c2013 |
||
| 300 | _axxviii,491p | ||
| 650 |
_ahorticulture _9239606 |
||
| 650 |
_aGreenhouse _9239607 |
||
| 650 |
_acrops _9239610 |
||
| 650 |
_a2 _9239611 |
||
| 690 |
_aOrchard Crops _9239612 |
||
| 700 |
_aKumar, U _9239613 |
||
| 906 | _a068707 | ||
| 942 |
_2ddc _cBK |
||
| 999 |
_c152885 _d152885 |
||